Words Multiple Times in Breath of the Wild Shrine Puzzles - Statistics

General Stats
  • This quiz has been taken 5 times
  • The average score is 18 of 35
Answer Stats
Occurences Puzzles Answer % Correct
25 A Balanced Approach, A Delayed Puzzle, A Major Test of Strength x8, A Major Test of Strength+, A Minor Test of Strength x6, A Modest Test of Strength x6, A Weighty Decision, Metal Makes a Path A
100%
30 A Major Test of Strength x8, A Major Test of Strength+, A Minor Test of Strength x6, A Modest Test of Strength x6, Passing of the Gates, Path of Hidden Winds, Path of Light, Power of Electricity, Power of Fire, Power of Reach, Speed of Light, Trial of Passage, Trial of Power Of
100%
18 Aim for the Moment, Block the Blaze, Directing the Wind, Halt the Tilt, Inside the Box, Master the Orb, On the Move, Passing of the Gates, Passing the Flame, Metal Doors Open the Way, Shatter the Heavens, The Current Solution, The Four Winds, The Melting Point, The Water Guides, The Whole Picture, The Wind Guides You, The Winding Route The
100%
6 Bomb Trial, Cryonis Trial, Magnesis Trial, Stasis Trial, Trial of Passage, Trial of Power Trial
100%
2 Two Bombs, Two Orbs to Guide You Two
100%
4 Build and Release, Drop and Rise, Shift and Lock, Support and Guidance And
67%
5 Joloo Nah Apparatus, Katosa Aug Apparatus, Myahm Agana Apparatus, Toto Sah Apparatus, Ze Kasho Apparatus Apparatus
67%
29 Daag Chokah's Blessing, Dagah Keek's Blessing, Dila Maag's Blessing, Gorae Torr's Blessing, Jitan Sa'mi's Blessing, Keeha Yoog's Blessing, Ketoh Wawai's Blessing, Korgu Chideh's Blessing, Korsh O'hu's Blessing, Kuhn Sidajj's Blessing, Lakna Rokee's Blessing, Lanno Kooh's Blessing, Maag Halan's Blessing, Maag No'rah's Blessing, Misae Suma's Blessing, Qaza Tokki's Blessing, Qukah Nata's Blessing, Raqa Zunzo's Blessing, Ritaag Zumo's Blessing, Rona Kachta's Blessing, Shae Katha's Blessing, Shai Yota's Blessing, Suma Sahma's Blessing, Tahno O'ah's Blessing, Tawa Jinn's Blessing, Tho Kayu's Blessing, To Quomo's Blessing, Tu Ka'loh's Blessing, Zuna Kai's Blessing Blessing
67%
2 Aim for Stillness, Aim for the Moment For
67%
9 A Major Test of Strength x8, A Major Test of Strength+ Major
67%
6 A Minor Test of Strength x6 Minor
67%
20 A Major Test of Strength x8, A Minor Test of Strength x6, A Modest Test of Strength x6 Strength
67%
21 A Major Test of Strength x8, A Major Test of Strength+, A Minor Test of Strength x6, A Modest Test of Strength x6 Test
67%
2 Twin Memories x2 Twin
67%
3 Directing the Wind, The Wind Guides You, Wind Guide Wind
67%
2 Aim for Stillness, Aim for the Moment Aim
33%
2 Blue Flame, Passing the Flame Flame
33%
2 Five Flames, Swinging Flames Flames
33%
2 Two Orbs to Guide You, Wind Guide Guide
33%
2 The Water Guides, The Wind Guides You Guides
33%
2 Path of Light, Speed of Light Light
33%
2 Maag Halan's Blessing, Maag No'rah's Blessing Maag
33%
2 Melting Ice Hazard, The Melting Point Melting
33%
2 Twin Memories x2 Memories
33%
3 Metal Connections, Metal Doors Open the Way, Metal Makes a Path Metal
33%
6 A Modest Test of Strength x6 Modest
33%
2 Moving in Parallel, Moving Targets Moving
33%
2 Passing of the Gates, Passing the Flame Passing
33%
4 Electric Path, Metal Makes a Path, Path of Hidden Winds, Path of Light Path
33%
6 Power of Electricity, Power of Fire, Power of Reach, Pushing Power, Tempered Power, Trial of Power Power
33%
2 Impeccable Timing, Timing is Critical Timing
33%
3 Stop to Start, To Quomo's Blessing, Two Orbs to Guide You To
33%
2 Shields from Water, The Water Guides Water
33%
2 Path of Hidden Winds, The Four Winds Winds
33%
2 The Wind Guides You, Two Orbs to Guide You You
33%
No matching quizzes found
Score Distribution
Percent of People with Each Score
Percentile by Number Answered
Your Score History
You have not taken this quiz